Le concept social du crim. Son évolution. (Registro nro. 296939)
[ vista simple ]
| 000 -ENCABEZADO | |
|---|---|
| Número de control [NR] | 01650nam a22002657a 4500 |
| 005 - FECHA Y HORA DE LA ÚLTIMA TRANSACCIÓN | |
| control field | 20140929091029.0 |
| 008 - DE LONGITUD FIJA DE DATOS DE ELEMENTOS - INFORMACIÓN GENERAL | |
| Elementos de longitud fija [NR] | 140917s1914 fr ||||fr|||| 001 0 fre d |
| 040 ## - FUENTE DE CATALOGACION [NR] | |
| Quien Cataloga | Sandra Yazo |
| Quien Clasifica | Sandra Yazo |
| 041 0# - CODIGO DE IDIOMA [R] | |
| Código de idioma para texto/pista de sonido o título separado [R] | Francés |
| 082 04 - NUMERO DE CLASIFICACION DECIMAL DEWEY [R] | |
| Número de la edición [NR] | 20 |
| Número de clasificación [R] | 364.09 |
| 092 ## - SIGNATURA TOPOGRAFICA LOCAL | |
| Número de clasificación local | E32N059 |
| 100 1# - ASIENTO PRINCIPAL--NOMBRE PERSONAL [NR] | |
| Nombre personal [NR] | Maxwell, J. |
| Fechas asociadas con el nombre [NR] | 1858-1938 |
| Forma más completa del nombre [NR] | (Joseph) |
| ID Autoridad | 64552 |
| 242 00 - TRADUCCION DEL TITULO POR LA AGENCIA CATALOGADORA [R] | |
| Título [NR] | Concepto social del crimen. Su evolución. |
| Mención de responsabilidad, etc. [NR] | por J. Maxwell |
| Código de idioma del título traducido [NR] | spa |
| 245 10 - MENCION DE TITULO [NR] | |
| Título [NR] | Le concept social du crim. Son évolution. |
| Mención de responsabilidad, etc. [NR] | par J. Maxwell |
| 260 ## - PUBLICACION, DISTRIBUCION, ETC. (PIE DE IMPRENTA) [R] | |
| Lugar de publicación, distribución, etc. [R] | París (Francia) |
| Nombre del editor, distribuidor, etc. [R] | Librairie Félix Alcan [Librería de Félix Alcan] |
| -- | Imprimerie E. Arrault er Cie [Imprenta de E. Arrault y Compañía] |
| Fecha de publicación, distribución, etc. [R] | 1914 |
| 300 ## - DESCRIPCION FISICA [R] | |
| Extensión [R] | iv, 456 páginas |
| Dimensiones [R] | 22 x 13 cm. |
| 500 ## - NOTA GENERAL [R] | |
| Nota general [NR] | Detalles físicos: Encuadernación rígida (holandesa) en cartón forrado en papel. Lomo en cuero, con nervaduras sobre costuras y adornos en dorado. Guardas en papel impreso, imitando papel de agua. Hoja de cortesía. Anteportada. Portada impresa en una tinta, con diferentes tipos de letra. Texto impreso, en una sola columna. Notas de pie de página. Ejemplar en buen estado de conservación. |
| 505 #7 - NOTA DE CONTENIDO CON FORMATO PREESTABLECIDO [R] | |
| Nota de contenido con formato preestablecido [NR] | Introducción ; Libro 1 - 3: Orígenes históricos del concepto de crimen ; El crimen y su definición ; Orígenes históricos de la criminalidad en Grecia ; Roma y el cristianismo ; Variaciones étnicas del concepto de crimen ; La idea de culpabilidad ; Reformadores del siglo XVIII ; Confusión actual. |
| 506 ## - NOTA DE RESTRICCIONES DE ACCESO [R] | |
| Condiciones de acceso [NR] | Consulta en sala |
| 546 ## - NOTA DE IDIOMA [R] | |
| Nota de idioma [NR] | Texto en francés |
| 650 #7 - ASIENTO SECUNDARIO DE MATERIA - TERMINO TEMATICO [R] | |
| 9 (RLIN) | 12140 |
| Término temático o nombre geográfico como elemento de entrada [NR] | Crimen |
| Subdivisión general [R] | Aspectos sociales |
| 650 #7 - ASIENTO SECUNDARIO DE MATERIA - TERMINO TEMATICO [R] | |
| Término temático o nombre geográfico como elemento de entrada [NR] | Crimen |
| Subdivisión general [R] | Historia |
| 9 (RLIN) | 64553 |
| 690 ## - ASUNTO AGREGADO LOCAL DE ENTRADA - TÉRMINO TEMÁTICO (OCLC, RLIN) | |
| 9 (RLIN) | 42778 |
| Acceso temático local | Derecho penal |
| 942 ## - ELEMENTOS DE ENTRADA AGREGADOS (KOHA) | |
| Sistema de clasificación | LOCAL |
| Tipo de ítem principal el descrito en 300a | Libro |
| Edición | 1 |
| Clasificación | E32N059 |
| Suprimido | Perdido | Sistema de clasificación | Dañado | No prestable | Tipo de ítem específico | Ubicación habitual | Ubicación actual | Localización | Fecha de creación | Forma de adquisición | Costo | Total préstamos | Signatura topográfica | Código de barras | Última vez visto | Ejemplar | Price effective from | Tipo de ítem |
|---|---|---|---|---|---|---|---|---|---|---|---|---|---|---|---|---|---|---|
| LOCAL | Libro archivo | Archivo Histórico | Archivo Histórico | Archivo histórico | 17/09/2014 | Donación | 0.00 | E32N059 | L004506 | 17/09/2014 | Ej.1 | 17/09/2014 | Libro |